Statistics for Nauru Geography on the Map

Click here to take the quiz!

General Stats

  • This quiz has been taken 605 times
  • The average score is 4 of 10

Answers on the Map

Answers color-coded by a green-red scale on the quiz's map according to % correct below.
 

Answer Stats

Answer% Correct
Yaren
77%
Nauru
76%
Pacific Ocean
75%
Nauru International Airport
35%
Buada
20%
Anabar
16%
Anibare
16%
Arijejen
15%
Nauru Australian Immigration Detention Centre
15%
Menen Hotel
14%

Score Distribution

Percentile by Number Answered

Percent of People with Each Score

Your Score History

You have not taken this quiz